000 01109nam0a2200337 4500
001 RU\NLR\bibl\419006
005 20260405054801.0
010 _a5-8199-0083-9
_bФОРУМ
010 _a5-16-001444-6
_93000
_bИНФРА-М
021 _aRU
_b2003-36245
_91720
035 _a(NLR Aleph) 000412967
090 _a646798
_c646798
100 _a20030714d2003 |||y0rusy50 ca
101 0 _arus
102 _aRU
105 _ay |||||||||
200 1 _aКак правильно оформить сделку
_fЭ.А. Абашин
210 _aМ.
_cФОРУМ - ИНФРА-М
_d2003
215 _a74, [2] с.
_d22
225 1 _aСоветы адвоката
606 0 _aСделки
_yРоссийская Федерация
_92163400
_3RU\NLR\auth\661301824
686 _aХ623.204
686 _aХ623.041.12
700 1 _4070
_8rus
_7ca
_aАбашин
_bЭ.А.
_gЭмиль Аполлонович
_cюрист
_3RU\NLR\auth\7718444
_91521
801 0 _aRU
_bNLR
_c20030714
_gPSBO
801 1 _aRU
_bNLR
_c20030714
830 _aАвт. по кн
942 _cBOOK
980 _aNB